[Event "Torino-ch Assoluto 46th"]
[Site "Torino"]
[Date "2001.11.??"]
[Round "1"]
[White "Gardoncini, Battista"]
[Black "Faraoni, Enrico"]
[Result "1/2-1/2"]
[WhiteElo "1881"]
[BlackElo "2182"]
[PlyCount "65"]
[EventDate "2001.11.??"]
[EventType "swiss"]
[EventRounds "7"]
[EventCountry "ITA"]
[SourceTitle "EXT 2015"]
[Source "ChessBase"]
[SourceDate "2014.11.20"]
[SourceVersion "1"]
[SourceVersionDate "2014.11.20"]
[SourceQuality "1"]

1. e4 c5 2. Nc3 a6 3. g3 b5 4. Bg2 Bb7 5. Nge2 e6 6. 0-0 b4 7. Na4 Nf6 8. d4 c4 9. Bg5 Qa5 10. Bxf6 gxf6 11. c3 Nc6 12. Nf4 h5 13. cxb4 Qxb4 14. a3 Qb5 15. Rb1 Na5 16. Nc3 Qb3 17. Qe2 h4 18. d5 hxg3 19. hxg3 e5 20. Nh5 Bc5 21. Nxf6+ Ke7 22. Ng4 Rag8 23. Ne3 d6 24. Nf5+ Kf8 25. Qd1 Bc8 26. Qxb3 Nxb3 27. Na4 Ba7 28. Nxd6 Rxg3 29. Nxc8 Rhg8 30. Kh1 Rxg2 31. Rg1 Rxg1+ 32. Rxg1 Rh8+ 33. Kg2 1/2-1/2